Byzantium : the decline and fall /

محفوظ في:

المؤلف الرئيسي: Norwich, John Julius, 1929- (مؤلف)

التنسيق: كتاب

اللغة: English

منشور في: New york : Knopf, 2006.

الموضوعات:

الوسوم: إضافة وسم

لا توجد وسوم, كن أول من يضع وسما على هذه التسجيلة!

رقم الطلب: DF553 .N66 v.3

LEADER 00713nam a2200217Ia 4500
003 OSt
005 20260108101821.0
008 070418r20061995nyuab b 001 0 eng d
020 |a 0679416501 
040 |c ARCE Library 
050 4 |a DF553 .N66 v.3 
100 1 |a Norwich, John Julius,   |d 1929-   |e author 
245 1 0 |a Byzantium :   |b the decline and fall /   |c John Julius Norwich. 
264 1 |a New york :   |b Knopf,   |c 2006. 
300 |a xxxvii, 488 p. :   |b ill., maps ;   |c 24 cm. 
500 |a Original published : London : Viking, 1995. 
504 |a Includes bibliographical references (p. 455-461) and index. 
651 1 |a Byzantine Empire   |x History   |y 1081-1453. 
901 |a reviewed 
942 |2 lcc  |c BK 
999 |c 41285  |d 41285